| 000 | 00790nam a2200277 4500 | ||
|---|---|---|---|
| 001 | 29019 | ||
| 003 | BD-RjUL | ||
| 005 | 20211209051348.0 | ||
| 008 | 830407s19841986caua b 001 0 eng d | ||
| 020 | _a0534010318 | ||
| 035 | _a(BD-RjUL) | ||
| 040 |
_aDLC _cDLC _dBD-RjUL _beng |
||
| 041 | _aeng | ||
| 082 | 0 | 0 |
_a155.24 _bKAP 1984 |
| 100 | 1 |
_aKaplan, Paul S. _988645 |
|
| 245 | 1 | 0 |
_aPsychology of adjustment / _cPaul S. Kaplan, Jean Stein. |
| 260 |
_aBelmont, Calif. : _bWadsworth Pub. Co., _c1984 |
||
| 300 |
_axviii, 446 p. : _bill. ; _c25 cm. |
||
| 500 | _aIncludes indexes. | ||
| 504 | _aBibliography: p. [409]-428. | ||
| 650 | 0 |
_aAdjustment (Psychology) _93962 |
|
| 700 | 1 |
_aStein, Jean, _d1947- _988646 |
|
| 942 |
_2ddc _cBK |
||
| 999 |
_c29019 _d29019 |
||